000 00546nam a2200217Ia 4500
005 20241216011122.0
008 190212s9999||||xx |||||||||||||| ||und||
082 _a639.3
_bS66
100 _aSOLANES, BENITO
245 0 _aPISCICULTURA
250 _a3
260 _aBARCELONA - ESPA±A
_bSINTES
_c1975
300 _a140 pag
_c17 cm
341 _h0
490 _v0
_a0
505 _aMEDIO ACUATICO-PISCICOLA/CRIA-ESPECIES
541 _aC
_d12-Apr-96
_oSoles
650 _aCIENCIAS APLICADAS
856 _zCiencias Aplicadas
942 _cLIBRO
999 _c33122
_d33122